00680nam a2200205Ia 4500003000400000005001700004008004100021020001800062040001800080041000800098082002200106100002000128245010300148250001200251260004600263300002700309650002700336650003300363650007800396OSt20260128152320.0210716s2016 xx 000 0 und d a9788126563005 cAIMIT LIBRARY aeng a332.604 22bDEMC aDemaria, Cyril. aIntroduction to private equity : bventure growth LBO and turn around capital /cBy Cyril Demaria. a2nd ed. aNew Delhi :bWiley India Pvt Ltd ,c2016. axvi,392p. ;bPBc24 cm aWhat is private equity aThe private equity ecosystem aPrivate equity in teenage time: trend setting , fads and responsibilities